Marvel Rivals: All Skins - Statistics

General Stats
  • This quiz has been taken 36 times
  • The average score is 88 of 313
Answer Stats
Character Skin % Correct
Scarlet Witch Phoenix Chaos
64%
Magik Phoenix Demon
64%
Emma Frost Phoenix Diamond
64%
Iron Fist Phoenix Fist
64%
Namor Phoenix King
64%
Moon Knight Phoenix Knight
64%
Black Panther Phoenix Panther
64%
Black Widow Phoenix Widow
64%
Wolverine Weapon PhoeniX
64%
Daredevil Devil 2099
60%
Adam Warlock | Mantis Guardians of the Galaxy vol. 3
60%
Groot | Rocket Raccoon | Star-Lord Guardians of the Galaxy Vol. 3
60%
Luna Snow Mirae 2099
60%
Luna Snow Plasma Pulse
60%
The Punisher Punisher 2099
60%
Angela Skuld 2099
60%
Spider-Man Spider-Punk 2099
60%
Magneto Temporal Tyrant
60%
Groot Symbiote Flora
52%
Rocket Raccoon Symbiote Raccoon
52%
Squirrel Girl Symbiote Squirrel
52%
Storm Symbiote Storm
52%
The Thing Symbiote-Thing
52%
Iron Man Avengers: Endgame
48%
Captain America Avengers: Infinity War
48%
Moon Knight Blood Moon Knight
48%
Winter Soldier Blood Soldier
48%
Human Torch | Invisible Woman | Mister Fantastic | +2 others Future Foundation
48%
Spider-Man Spider-Man: No Way Home
48%
Human Torch | Invisible Woman | Mister Fantastic | The Thing The Fantastic Four: First Steps
48%
The Punisher Thunderbolts
48%
Winter Soldier Thunderbolts*
48%
Peni Parker VEN#m
48%
Winter Soldier Winter's Wrath
48%
Wolverine Deadpool & Wolverine
44%
Doctor Strange | Scarlet Witch Doctor Strange in the Multiverse of Madness
44%
Moon Knight Mister Knight
44%
Adam Warlock | Blade | Emma Frost | +8 others Will of Galacta
44%
The Punisher Dangan Ronin
40%
Invisible Woman Dune Daisy
40%
Venom Hyper Orange
40%
Loki Loki Season 2
40%
Invisible Woman Malice
40%
Invisible Woman Midnight Majesty
40%
Moon Knight Moon Knight Mech
40%
Venom Pink Bubble
40%
Mister Fantastic The Maker
40%
Thor Thor: Love and Thunder
40%
Namor Black Panther: Wakanda Forever
36%
Blade Blade Knight
36%
Rocket Raccoon Blueball Breeze
36%
Jeff the Land Shark Blue Barrage
36%
Hulk Maestro
36%
Rocket Raccoon Radiant Reef
36%
Hawkeye Ronin
36%
Spider-Man Scarlet Spider
36%
Jeff the Land Shark Sunshine Land Shark
36%
Rocket Raccoon Sunshine Raccoon
36%
Squirrel Girl Sunshine Squirrel
36%
The Thing Sunshine Thing
36%
Iron Man Superior Iron Man
36%
The Thing Verdant Vanguard
36%
Jeff the Land Shark Verdant Vortex
36%
Wolverine Weapon X
36%
Venom Anti-Venom
32%
Hawkeye Binary Arrow
32%
Iron Fist Binary Fist
32%
Captain America Captain Gladiator
32%
Phoenix Dark Phoenix
32%
Human Torch | Invisible Woman | Mister Fantastic | The Thing First Family
32%
Moon Knight Golden Moonlight
32%
Black Panther Golden Panther
32%
Ultron Golden Ultron
32%
Hulk Green Scar
32%
Emma Frost Hellfire Protocol
32%
Hulk Joe Fixit
32%
Star-Lord Jovial Star
32%
Spider-Man Marvel's Spider-Man 2
32%
Black Widow Mrs. Barnes
32%
Winter Soldier Polarity Soldier
32%
The Thing Trench Coat
32%
Emma Frost X-Revolution
32%
Jeff the Land Shark Adopted Avenger
28%
Spider-Man Black Suit
28%
Adam Warlock Blood Soul
28%
Captain America Captain A.I.M.erica
28%
The Punisher Daredevil: Born Again
28%
Hawkeye Freefall
28%
Captain America Galactic Talon
28%
Hela Goddess of Death
28%
Captain America Golden Age
28%
Adam Warlock King in White
28%
Cloak & Dagger Lemon Lime
28%
Magneto Master of Magnetism
28%
Hulk Mighty G-Bomb
28%
Winter Soldier Navy Trooper
28%
Wolverine Patch
28%
Magik Punkchild
28%
Hulk Punk Rage
28%
Rocket Raccoon Rocky
28%
Magik Rosy Resilience
28%
Venom Snow Symbiote
28%
Venom Space Knight
28%
Spider-Man Spider-Oni
28%
Star-Lord Starlit Outlaw
28%
Magneto The Trial of Magneto
28%
The Thing The Unlimited
28%
Hela Ultimate
28%
Ultron Wasteland Robot
28%
Black Widow White Suit
28%
Ultron X-Tron
28%
Invisible Woman Azure Shade
24%
Thor Azure Skies
24%
Spider-Man Bag-Man Beyond
24%
Black Panther Bast's Chosen
24%
Iron Man Big Shot
24%
Spider-Man Black & Gold
24%
Wolverine Blood Berserker
24%
Psylocke Blood Kariudo
24%
Peni Parker Blue Tarantula
24%
Captain America Captain Klyntar
24%
Phoenix Chaos Phoenix
24%
Spider-Man Chasm
24%
Adam Warlock Cosmic Jade
24%
Venom Cyan Clash
24%
Cloak & Dagger Dance Partner
24%
Iron Man Extrembiote Armor
24%
Moon Knight Fist Of Vengeance
24%
Storm Goddess of Thunder
24%
Doctor Strange God of Magic
24%
Loki IGNITE Loki (2025)
24%
Star-Lord IGNITE Star-Lord (2025)
24%
Iron Fist Immortal Weapon of Agamotto
24%
Venom Lingering Imprint
24%
Moon Knight Lunar General
24%
Invisible Woman Lush Luminance
24%
Doctor Strange Master of Black Magic
24%
Ultron Mechanical Phantom
24%
Human Torch Negative Zone Gladiator
24%
Scarlet Witch Nyx Weaver
24%
Hawkeye Old Man Hawkeye
24%
Doctor Strange Old Man Strange
24%
Psylocke Phantom Purple
24%
Cloak & Dagger Polarity Bond
24%
Thor Reborn from Ragnarok
24%
Venom Reborn King in Black
24%
Magik | Namor | Psylocke Retro X-Uniform
24%
Winter Soldier Revolution
24%
Doctor Strange Sorcerer Supreme of the Galaxy
24%
Captain America Star Spangled Style
24%
Invisible Woman Tangerine Tint
24%
Invisible Woman | Mister Fantastic The Life Fantastic
24%
Psylocke Vengeance
24%
Scarlet Witch White Witch
24%
Rocket Raccoon Wild Winter
24%
Thor Worthy Waves
24%
Groot Yggroot
24%
Loki All-Butcher
20%
The Punisher Amber Annihilator
20%
The Punisher Aqua Arsenal
20%
Squirrel Girl Arctic Lemmus
20%
Doctor Strange Astral Wanderer
20%
Daredevil Aurora Twilight
20%
Magneto Binary Sword
20%
Psylocke Blue Bolt
20%
Mantis Blue Breeze
20%
Rocket Raccoon Bounty Hunter
20%
Psylocke Breezy Butterfly
20%
The Punisher Camo
20%
Groot Carved Traveler
20%
Scarlet Witch Chaos Gown
20%
Mantis Citrus Sunrise
20%
Luna Snow Cool Summer
20%
Jeff the Land Shark Devouring Duo
20%
Magik Eldritch Armor
20%
The Punisher Emerald Executioner
20%
Psylocke Fleeting Butterfly
20%
Loki Frost Giant
20%
Hawkeye Galactic Fangs
20%
Mantis Galactic Wings
20%
Thor Herald of Thunder
20%
Adam Warlock Immortal Avatar
20%
Jeff the Land Shark Incognito Dolphin
20%
Storm Ivory Breeze
20%
Magneto King Magnus
20%
Star-Lord King of Spartax
20%
Iron Fist Lion's Gaze
20%
Wolverine Lone Wolf
20%
Thor Lord of Asgard
20%
Adam Warlock Magus
20%
Thor Majestic Raiment
20%
Namor Mauve Sub-Mariner
20%
Thor Midgard Umber
20%
Storm Mohawk Rock
20%
Psylocke Moonlit Mirage
20%
Mantis Oceanic Harmony
20%
Peni Parker Olive Skimmer
20%
Psylocke Orange Edge
20%
Blade Polarity Edge
20%
Loki Presidential Attire
20%
Luna Snow Prismatic Pulse
20%
Storm Queen of Orphans
20%
Luna Snow Radiant Radiance
20%
Black Widow Red Runway Veil
20%
The Thing Rocky Tide
20%
Namor Savage Sub-Mariner
20%
Doctor Strange Sorcerer Immortal
20%
Gambit Thieves Guildmaster
20%
Black Panther Thrice-Cursed King
20%
Hawkeye Tiger's Eye
20%
Cloak & Dagger Twilight Duo
20%
Psylocke Violet Evil
20%
Peni Parker Wasteland Mech
20%
Luna Snow Abyssal Glow
16%
Iron Man Armor Model 42
16%
Iron Man Blood Edge Armor
16%
Invisible Woman Blood Shield
16%
Jeff the Land Shark Cuddly Fuzzlefin
16%
Black Panther Damisa-Sarki
16%
Blade Daybreak
16%
Wolverine Dog Brother X
16%
Blade Emerald Blade
16%
Scarlet Witch Emporium Matron
16%
Hela Empress of the Cosmos
16%
Daredevil Fearless Origin
16%
Peni Parker Floral Frights
16%
Mantis Flora Maiden
16%
Black Panther Galactic Claw
16%
Cloak & Dagger Growth & Decay
16%
Scarlet Witch Immortal Sovereign
16%
Human Torch Indigo Inferno
16%
Mantis Jade Maiden
16%
Psylocke Kirisaki Sakura
16%
Mantis Knowhere Corp
16%
Black Widow Lethal Toxicity
16%
Black Widow Lion's Heartbeat
16%
Scarlet Witch Majestic Mauve
16%
Spider-Man Man-Spider
16%
Star-Lord Master of the Sun
16%
Scarlet Witch Neon Nimbus
16%
Hela Queen in Black
16%
Loki Robe of Relaxation
16%
Daredevil Shenloong's Creed
16%
Luna Snow Shining Star
16%
Peni Parker Skeleton
16%
Iron Man Steam Power
16%
Human Torch Sunny Sizzler
16%
Iron Fist Sword Master
16%
Phoenix The Return of Jean Grey
16%
Loki Tidal Trickery
16%
Storm Ultimate Wind-Rider
16%
Magneto Uncanny Blacksteel
16%
Winter Soldier Winter's Veil
16%
Magik Amethyst Armor
12%
Human Torch Blood Blaze
12%
Emma Frost Blue Sapphire
12%
Gambit Crimson Heart
12%
Magik Frozen Demon
12%
Emma Frost Golden Diamond
12%
Jeff the Land Shark Jeff O'Lantern
12%
Thor Lightning Fast
12%
Star-Lord Lion's Mane
12%
Iron Fist Martial Arts Savant
12%
Squirrel Girl Nut Rocker
12%
Black Panther Orisha Blood
12%
Namor Phantom Tide
12%
Gambit Sacrificial Pawn
12%
Angela Siriana's Silver
12%
Hela The Grim Lady
12%
Scarlet Witch The Queen Of The Dead
12%
Squirrel Girl Turbo Tailwind
12%
Squirrel Girl Urban Hunter
12%
Hela Yami no Karasu
12%
Groot Abies Algae
8%
Groot Big Buddy
8%
Angela Cerulean Lightbringer
8%
Loki Crane Deceiver
8%
Phoenix Emerald Flames
8%
Groot Holiday Happiness
8%
Hela Merciful Queen
8%
Black Widow Midnight Suspense
8%
Luna Snow Minty Beats
8%
Loki Shin Sagi-Shi
8%
Peni Parker Yatsukahagi
8%
Squirrel Girl Cheerful Dragoness
4%
Luna Snow Nolaehaneun Manyeo
4%
No matching quizzes found
Score Distribution
Percent of People with Each Score
Percentile by Number Answered
Your Score History
You have not taken this quiz